
Library Catalogue

| 000 -LEADER | |
|---|---|
| fixed length control field | 00970nam a2200217Ia 4500 |
| 003 - CONTROL NUMBER IDENTIFIER | |
| control field | OSt |
| 005 - DATE AND TIME OF LATEST TRANSACTION | |
| control field | 20210517130124.0 |
| 008 - FIXED-LENGTH DATA ELEMENTS--GENERAL INFORMATION | |
| fixed length control field | 160316s2010 xxu||||| |||| 00| 0 eng d |
| 020 ## - INTERNATIONAL STANDARD BOOK NUMBER | |
| International Standard Book Number | 9780415684170 |
| 040 ## - CATALOGING SOURCE | |
| Transcribing agency | nls |
| 082 ## - DEWEY DECIMAL CLASSIFICATION NUMBER | |
| Classification number | 341.000000 |
| Item number | FOR |
| 100 ## - MAIN ENTRY--PERSONAL NAME | |
| Personal name | Forrest Craig |
| 245 ## - TITLE STATEMENT | |
| Title | International law and the protection of cultural heritage |
| 260 ## - PUBLICATION, DISTRIBUTION, ETC. | |
| Place of publication, distribution, etc. | London |
| Name of publisher, distributor, etc. | Routledge |
| Date of publication, distribution, etc. | 2010 |
| 300 ## - PHYSICAL DESCRIPTION | |
| Extent | 458p |
| Dimensions | xix |
| 365 ## - TRADE PRICE | |
| Price amount | Rs. 5,340 |
| 505 ## - FORMATTED CONTENTS NOTE | |
| Formatted contents note | Table of Contents:<br/>1. Defining Cultural Heritage In International Law;<br/>2. International Legal Framework;<br/>3. Cultural Heritage and Armed Conflicts;<br/>4. The Return, Restitution and Repatriation of Movable Cultural Heritage;<br/>5. World Heritage Convention;<br/>6. Underwater Cultural Heritage;<br/>7. Intangible Cultural Heritage;<br/>8. From Five International Conventions to an International Law of Co-Operation.<br/> |
| 650 ## - SUBJECT ADDED ENTRY--TOPICAL TERM | |
| Topical term or geographic name entry element | 1. International Law2. Cultural Property - Protection |
| 700 ## - ADDED ENTRY--PERSONAL NAME | |
| Personal name | |
| -- | |
| 942 ## - ADDED ENTRY ELEMENTS (KOHA) | |
| Source of classification or shelving scheme | Dewey Decimal Classification |
| Koha item type | BOOKs |
| Withdrawn status | Lost status | Damaged status | Not for loan | Home library | Current library | Shelving location | Date acquired | Cost, normal purchase price | Total Checkouts | Full call number | Barcode | Date last seen | Price effective from | Koha item type |
|---|---|---|---|---|---|---|---|---|---|---|---|---|---|---|
| . | . | Library Compactors | 30.05.2017 | 5340.00 | 341 FOR | 24272 | 30.05.2017 | 30.05.2017 | BOOKs |